<?xml version="1.0" encoding="UTF-8"?>
<collection xmlns="http://www.loc.gov/MARC21/slim">
<record>
  <controlfield tag="001">158944</controlfield>
  <controlfield tag="005">20250904103924.0</controlfield>
  <datafield tag="037" ind1=" " ind2=" ">
    <subfield code="a">GDOC-2024-30061</subfield>
  </datafield>
  <datafield tag="970" ind1=" " ind2=" ">
    <subfield code="a">GDOC-2024-30061</subfield>
  </datafield>
  <datafield tag="041" ind1=" " ind2=" ">
    <subfield code="a">spa</subfield>
  </datafield>
  <datafield tag="041" ind1=" " ind2=" ">
    <subfield code="a">eng</subfield>
  </datafield>
  <datafield tag="540" ind1=" " ind2=" ">
    <subfield code="a">by-nc-sa</subfield>
    <subfield code="b">Creative Commons</subfield>
    <subfield code="c">3.0</subfield>
    <subfield code="u">http://creativecommons.org/licenses/by-nc-sa/3.0/</subfield>
  </datafield>
  <datafield tag="260" ind1=" " ind2=" ">
    <subfield code="a">Zaragoza</subfield>
    <subfield code="b">Universidad de Zaragoza</subfield>
    <subfield code="c">2024-2025</subfield>
  </datafield>
  <datafield tag="245" ind1="0" ind2="0">
    <subfield code="9">30061</subfield>
    <subfield code="a">Prácticas externas 6</subfield>
  </datafield>
  <datafield tag="242" ind1="0" ind2="0">
    <subfield code="9">30061</subfield>
    <subfield code="a">Internships 6</subfield>
  </datafield>
  <datafield tag="100" ind1=" " ind2=" ">
    <subfield code="0">(orcid)0000-0001-7207-5536</subfield>
    <subfield code="a">Jesús Acero, Acero</subfield>
    <subfield code="1">144562</subfield>
  </datafield>
  <datafield tag="700" ind1=" " ind2=" ">
    <subfield code="0">(orcid)0000-0001-6280-1602</subfield>
    <subfield code="a">María Jesús Alonso, Nuez</subfield>
    <subfield code="1">308089</subfield>
  </datafield>
  <datafield tag="700" ind1=" " ind2=" ">
    <subfield code="0">(orcid)0000-0002-0392-3252</subfield>
    <subfield code="a">Santiago Baselga, Ariño</subfield>
    <subfield code="1">152359</subfield>
  </datafield>
  <datafield tag="700" ind1=" " ind2=" ">
    <subfield code="0">(orcid)0000-0002-8643-0698</subfield>
    <subfield code="a">José David Bel, Cacho</subfield>
    <subfield code="1">326237</subfield>
  </datafield>
  <datafield tag="700" ind1=" " ind2=" ">
    <subfield code="0">(orcid)0000-0002-9687-4903</subfield>
    <subfield code="a">Miguel Castro, Corella</subfield>
    <subfield code="1">139668</subfield>
  </datafield>
  <datafield tag="700" ind1=" " ind2=" ">
    <subfield code="0">(orcid)0000-0003-4230-7900</subfield>
    <subfield code="a">Isabel Clavería, Ambroj</subfield>
    <subfield code="1">317140</subfield>
  </datafield>
  <datafield tag="700" ind1=" " ind2=" ">
    <subfield code="0">(orcid)0000-0001-8741-6452</subfield>
    <subfield code="a">Manuel Doblaré, Castellano</subfield>
    <subfield code="1">387985</subfield>
  </datafield>
  <datafield tag="700" ind1=" " ind2=" ">
    <subfield code="0">(orcid)0000-0003-1828-0971</subfield>
    <subfield code="a">José Manuel Franco, Gimeno</subfield>
    <subfield code="1">313842</subfield>
  </datafield>
  <datafield tag="700" ind1=" " ind2=" ">
    <subfield code="0">(orcid)0000-0001-7115-9025</subfield>
    <subfield code="a">Lucía García, Nieto</subfield>
    <subfield code="1">303534</subfield>
  </datafield>
  <datafield tag="700" ind1=" " ind2=" ">
    <subfield code="0">(orcid)0000-0002-7816-0050</subfield>
    <subfield code="a">Miguel Ángel García, Madurga</subfield>
    <subfield code="1">319810</subfield>
  </datafield>
  <datafield tag="700" ind1=" " ind2=" ">
    <subfield code="0">(orcid)0000-0002-6870-0594</subfield>
    <subfield code="a">Jorge Grasa, Orús</subfield>
    <subfield code="1">416508</subfield>
  </datafield>
  <datafield tag="700" ind1=" " ind2=" ">
    <subfield code="0">(orcid)0000-0001-5209-2267</subfield>
    <subfield code="a">José Jesús Guerrero, Campo</subfield>
    <subfield code="1">128085</subfield>
  </datafield>
  <datafield tag="700" ind1=" " ind2=" ">
    <subfield code="0">(orcid)0000-0002-4367-3729</subfield>
    <subfield code="a">Juan Lladó, Paris</subfield>
    <subfield code="1">388099</subfield>
  </datafield>
  <datafield tag="700" ind1=" " ind2=" ">
    <subfield code="0">(orcid)0000-0002-1284-9007</subfield>
    <subfield code="a">Óscar Lucía, Gil</subfield>
    <subfield code="1">497769</subfield>
  </datafield>
  <datafield tag="700" ind1=" " ind2=" ">
    <subfield code="0">(orcid)0000-0002-3643-2847</subfield>
    <subfield code="a">Bonifacio Martín, del Brío</subfield>
    <subfield code="1">384470</subfield>
  </datafield>
  <datafield tag="700" ind1=" " ind2=" ">
    <subfield code="0">(orcid)0000-0003-1261-8847</subfield>
    <subfield code="a">Mario Vicente Maza, Frechín</subfield>
    <subfield code="1">135698</subfield>
  </datafield>
  <datafield tag="700" ind1=" " ind2=" ">
    <subfield code="0">(orcid)0000-0003-0330-183X</subfield>
    <subfield code="a">Carlos Miguel Monne, Bailo</subfield>
    <subfield code="1">143130</subfield>
  </datafield>
  <datafield tag="700" ind1=" " ind2=" ">
    <subfield code="0">(orcid)0000-0001-6244-3366</subfield>
    <subfield code="a">Eduardo Moya, Lasheras</subfield>
    <subfield code="1">632828</subfield>
  </datafield>
  <datafield tag="700" ind1=" " ind2=" ">
    <subfield code="0">(orcid)0000-0002-6516-7755</subfield>
    <subfield code="a">Jesús Pastor, Tejedor</subfield>
    <subfield code="1">316596</subfield>
  </datafield>
  <datafield tag="700" ind1=" " ind2=" ">
    <subfield code="0">(orcid)0000-0001-9967-5806</subfield>
    <subfield code="a">María Begoña Peña, Pellicer</subfield>
    <subfield code="1">323713</subfield>
  </datafield>
  <datafield tag="700" ind1=" " ind2=" ">
    <subfield code="0">(orcid)0000-0002-8977-5296</subfield>
    <subfield code="a">Édgar Jorge Ramírez, Laboreo</subfield>
    <subfield code="1">592688</subfield>
  </datafield>
  <datafield tag="700" ind1=" " ind2=" ">
    <subfield code="0">(orcid)0000-0002-7891-609X</subfield>
    <subfield code="a">Rubén Rebollar, Rubio</subfield>
    <subfield code="1">113326</subfield>
  </datafield>
  <datafield tag="700" ind1=" " ind2=" ">
    <subfield code="0">(orcid)0000-0001-9617-1004</subfield>
    <subfield code="a">Jesús Velázquez, Sancho</subfield>
    <subfield code="1">422388</subfield>
  </datafield>
  <datafield tag="700" ind1=" " ind2=" ">
    <subfield code="0">(orcid)0000-0002-6101-580X</subfield>
    <subfield code="a">María Belén Zalba, Nonay</subfield>
    <subfield code="1">123372</subfield>
  </datafield>
  <datafield tag="830" ind1=" " ind2=" ">
    <subfield code="9">436</subfield>
  </datafield>
  <datafield tag="856" ind1="4" ind2=" ">
    <subfield code="s">59623</subfield>
    <subfield code="u">http://zaguan.unizar.es/record/158944/files/guia-30061-es.pdf</subfield>
    <subfield code="y">Guía (idioma español)</subfield>
  </datafield>
  <datafield tag="856" ind1="4" ind2=" ">
    <subfield code="s">9775</subfield>
    <subfield code="u">http://zaguan.unizar.es/record/158944/files/guia-30061-en.pdf</subfield>
    <subfield code="y">Guide (english)</subfield>
  </datafield>
  <datafield tag="521" ind1=" " ind2=" ">
    <subfield code="9">144</subfield>
    <subfield code="a">Grado en Ingeniería de Tecnologías Industriales</subfield>
    <subfield code="b">Bachelor's Degree in Industrial Engineering Technology</subfield>
  </datafield>
  <datafield tag="980" ind1=" " ind2=" ">
    <subfield code="a">GDOC</subfield>
    <subfield code="b">Engineering and Architecture</subfield>
    <subfield code="b">Ingeniería y Arquitectura</subfield>
    <subfield code="c">110</subfield>
  </datafield>
</record>
</collection>